| 000 | 00520nam a22001817a 4500 | ||
|---|---|---|---|
| 003 | 0 | ||
| 005 | 20240116061634.0 | ||
| 008 | 240116b xxu||||| |||| 00| 0 eng d | ||
| 020 | _a978-0-545-53091-0 | ||
| 050 |
_aER _bBi592 2014 |
||
| 082 |
_aER _bBi592 2014 |
||
| 100 | _aGrover, Lorie Ann | ||
| 245 |
_aA big hug for little cub _c Lorie Ann Grover |
||
| 260 |
_aNew York City _bScholastic Inc. _cc2014. |
||
| 300 |
_aunpaged : _bcolored illustrations ; _c20 cm. |
||
| 650 | _aChildrens stories. | ||
| 942 |
_2ddc _cBK |
||
| 999 |
_c365856 _d365856 |
||